Responses for Show #4555 - Friday, May 28, 2004

Anne Boyd game 4.

Contestants

[<< previous game]

Philip Blustein, a handyman from Beverly Hills, California

Jen Jorczak, a bookseller from Indianapolis, Indiana

Anne Boyd, a freelance writer from Los Angeles, California (whose 3-day cash winnings total $61,400)

[next game >>]

Jeopardy! Round responses

THE INDY 500
HOUSE STANDING COMMITTEES
INVENTIONS
LET'S RUN IT UP THE FLAGPOLE
STATES' MEN
(Alex: ...in which you have to identify the birth state of the people we will name.)
"G" WHIZ
    $200 15
(Alex: [*] is right. How envious am I of Sofia to have been able to ride at [*] in one of those cars. We're gonna take a break, and I'll bemoan my fate.)

"The Brickyard"

Philip
    $200 4
a small business

Anne
    $200 1
a telephone

Anne
    $200 13
5

Anne
    $200 12
New York

Philip
    $200 7
(Alex: Waiting for [*], yes.)

Godot

Anne
    $400 16
a pace car

Philip
    $400 14
Ways

Philip
    $400 2
a trampoline

Anne
    $400 23
green

Jen
    $400 27
New Jersey

Anne
    $400 8
Germany

Anne
    $600 17
milk

Philip
    $600 20
Intelligence

Philip
    $600 3
(Anne: What is a steamboat?)

the Clermont

AnnePhilip
    $600 24
NATO

Philip
    $600 28
Missouri

Jen
    $600 9
The Guinness Book of World Records

Anne
    $800 18
A.J. Foyt

Philip
    $800 21
(Jen: What is protocol?)

conduct

Jen
Triple Stumper
    $800 5
cement

Anne
    $800 25
a sun

Anne
    $800 29
Kentucky

Philip
    $800 10
Gemini

Jen
    $1000 19
(Philip: Who is Dan Gurney?)
(Jen: Who is Al Unser?)

Parnelli Jones

JenPhilip
Triple Stumper
    $1000 22
Appropriations

Jen
    $1,000 6
Remington

Anne
    $1000 26
(Alex: [*], sacred in Thailand or Siam. Saw it upside-down, didn't look too good.)

elephants

Triple Stumper
    $1000 30
Pennsylvania

Philip
    $1000 11
Grenada

Jen

Scores at the first commercial break (after clue 15):

Anne Jen Philip
$3,400 $1,800 $1,400

Scores at the end of the Jeopardy! Round:

Anne Jen Philip
$4,600 $2,000 $5,200

Double Jeopardy! Round responses

BODIES OF WATER
WARREN BEATTY FILM ROLES
(Alex: We want you to name the film, of course.)
BILL CLINTON'S FAVORITE BOOKS
PICTURE THIS
THE SOLAR SYSTEM
"TUDE" RANCH
    $400 26
the Ganges

Anne
    $400 1
Shampoo

Anne
    $400 16
Hillary Clinton

Philip
    $400 7
a clutch

Anne
    $400 19
a comet

Anne
    $400 6
altitude

Philip
    $800 27
the Avon

Anne
    $800 2
Reds

Anne
    $800 17
Nat Turner

Jen
    $800 8
forceps

Philip
    $800 20
Mars

Jen
    $800 12
solitude

Anne
    $1200 28
(Philip: What is the Aswan?)

Victoria

JenPhilip
    $1200 3
Heaven Can Wait

Anne
    $1200 18
I Know Why the Caged Bird Sings

Anne
    $1200 9
an attaché

Anne
    $1200 21
a core

Anne
    $1200 13
gratitude

Philip
    $1600 29
Switzerland

Philip
    $1600 4
Bulworth

Anne
    $1,000 24
(Anne: Who is Dylan Thomas?)

William Butler Yeats

Anne
    $1600 10
the fire

Anne
    $1,000 22
(Anne: What is Neptune?)

Pluto

Anne
    $1600 14
servitude

Anne
    $2000 30
the Bay of Fundy

Anne
    $2000 5
[Applause for Anne's run of the category]
(Alex: You're a big Warren Beatty fan. Well done. Paid off nicely.)

Ishtar

Anne
    $2000 25
Marcus Aurelius

Triple Stumper
    $2000 11
(Jen: What is "Let's Have" another cup of coffee?)

another piece of pie

Jen
Triple Stumper
    $2000 23
Kepler

Anne
    $2000 15
an étude

Philip

Scores at the end of the Double Jeopardy! Round:

Anne Jen Philip
$22,200 $2,800 $10,400
(lock game)

[wagering suggestions for these scores]

Final Jeopardy! Round responses

THE INTERNET
(Alex: [As Anne wins] Yeah, she's smiling more and more, I've noticed.)
JenWhat is Spain?
$2,000
PhilipWhat is Spain?
$10,400
AnneWhat is Spain?
$1,000
Spain (España)

Final scores:

Anne Jen Philip
$23,200 $4,800 $20,800
4-day champion: $84,600 3rd place: $1,000 2nd place: $2,000

Game dynamics:

Coryat scores:

Anne Jen Philip
$24,200 $2,800 $10,400
28 R
(including 1 DD),
3 W
(including 2 DDs)
8 R,
3 W
17 R,
2 W

Combined Coryat: $37,400

[game clues] [game scores] [suggest correction]

Game tape date: 2004-02-11
The J! Archive is created by fans, for fans. Scraping, republication, monetization, and malicious use prohibited; this site may use cookies and collect identifying information. See terms. The Jeopardy! game show and all elements thereof, including but not limited to copyright and trademark thereto, are the property of Jeopardy Productions, Inc. and are protected under law. This website is not affiliated with, sponsored by, or operated by Jeopardy Productions, Inc. Join the discussion at JBoard.tv.